书目信息 |
| 题名: |
全球化和中国大企业的赶超与竞争力
|
|
| 作者: | 张瑾 著 | |
| 分册: | ||
| 出版信息: | 天津 南开大学出版社 2013 |
|
| 页数: | 16,245页 | |
| 开本: | 23cm | |
| 丛书名: | ||
| 单 册: | ||
| 中图分类: | F279.2 | |
| 科图分类: | ||
| 主题词: | 大型企业--竞争力--研究--中国 , 大型企业 , 竞争力 | |
| 电子资源: | ||
| ISBN: | 978-7-310-04183-1 | |
| 000 | 00910nam0 2200253 450 | |
| 001 | 523 | |
| 005 | 20140909092827.85 | |
| 010 | @a978-7-310-04183-1@dCNY36.00 | |
| 100 | @a20130822d2013 em y0chiy50 ea | |
| 101 | 0 | @achi@eeng |
| 102 | @aCN@b120000 | |
| 105 | @ay z 000yy | |
| 106 | @ar | |
| 200 | 1 | @a全球化和中国大企业的赶超与竞争力@AQuan Qiu Hua He Zhong Guo Da Qi Ye De Gan Chao Yu Jing Zheng Li@f张瑾著@FZhang Jin Zhu |
| 210 | @a天津@c南开大学出版社@d2013 | |
| 215 | @a16,245页@d23cm | |
| 330 | @a本书系统地对比了中国大型石油公司和国际大石油公司的组织结构,共九章,内容包括:公司总部的职能、公司结构和总部功能、BP和壳牌、政府集中管理和公司化、中国石油和中国石化等。 | |
| 606 | 0 | @a大型企业@x竞争力@x研究@y中国 |
| 606 | 0 | @a大型企业 |
| 606 | 0 | @a竞争力 |
| 690 | @aF279.2@v5 | |
| 701 | 0 | @a张瑾@AZhang Jin@c(博士)@4著 |
| 801 | 0 | @aCN@bTANGWEI@c20140603 |
| 905 | @b0839980-82@dF279.2@e1127@f3 | |
| 全球化和中国大企业的赶超与竞争力/张瑾著.-天津:南开大学出版社,2013 |
| 16,245页;23cm |
| ISBN 978-7-310-04183-1:CNY36.00 |
| 本书系统地对比了中国大型石油公司和国际大石油公司的组织结构,共九章,内容包括:公司总部的职能、公司结构和总部功能、BP和壳牌、政府集中管理和公司化、中国石油和中国石化等。 |
| ● |
| 相关链接 |
|
|
|
|
正题名:全球化和中国大企业的赶超与竞争力
索取号:F279.2/1127
 
预约/预借
| 序号 | 登录号 | 条形码 | 馆藏地/架位号 | 状态 | 备注 |
| 1 | 0839980 | 208399801 | 第一样本阅览室/ [索取号:F279.2/1127] | 在馆 | |
| 2 | 0839981 | 208399810 | 密集书库-海洋学院/ [索取号:F279.2/1127] | 在馆 | |
| 3 | 0839982 | 208399829 | 第一借阅区/ [索取号:F279.2/1127] | 在馆 |